000 00315nam a2200145Ia 4500
100 _aMichiels/J.L
942 _cRB
654 _aAtomic Energy
245 _aFinding Out About Atomic Energy
260 _bThrift Books
_aLondon
_c1951
082 _a539.7
_bMic
300 _a128
546 _aENGLISH
999 _c33454
_d33454